Ogilvy on Advertising in the Digital Age
Guardado en:
| Autor principal: | |
|---|---|
| Formato: | Libro |
| Lenguaje: | inglés |
| Publicado: |
London
Goodman Books
2017
|
| Materias: | |
| Etiquetas: |
Sin Etiquetas, Sea el primero en etiquetar este registro!
|
MARC
| LEADER | 00000nam a2200000 4500 | ||
|---|---|---|---|
| 001 | 0295564 | ||
| 005 | 20240416113828.7 | ||
| 020 | |a 978-1-84796-087-0 | ||
| 041 | 0 | |a eng | |
| 044 | |a GB | ||
| 245 | 1 | 0 | |a Ogilvy on Advertising in the Digital Age |c Miles Young |
| 264 | 1 | |a London |b Goodman Books |c 2017 | |
| 300 | |a 288 s. | ||
| 610 | 2 | 0 | |a reklama |
| 610 | 2 | 0 | |a propagácia |
| 610 | 2 | 0 | |a tvorba reklamy |
| 610 | 2 | 0 | |a psychológia reklamy |
| 610 | 2 | 0 | |a značky výrobkov |
| 610 | 2 | 0 | |a médiá sociálne |
| 610 | 2 | 0 | |a spracovanie dát |
| 610 | 2 | 0 | |a taktika reklamy |
| 610 | 2 | 0 | |a prostriedky reklamné |
| 610 | 2 | 0 | |a práca s verejnosťou |
| 610 | 2 | 0 | |a spoločnosť informačná |
| 610 | 2 | 0 | |a digitalizácia |
| 610 | 2 | 0 | |a internet |
| 100 | 1 | |a Young, Miles | |